Rue - Girl In Red Lyrics - Statistics

General Stats
  • This quiz has been taken 24 times
  • The average score is 273 of 292
Answer Stats
% Correct
a
100%
All
100%
all
100%
be
100%
Be
100%
I
100%
do
100%
Don't
100%
get
100%
I
100%
I,
100%
it
100%
make
100%
me
100%
my
100%
off
100%
say
100%
to
100%
To
100%
wanna
100%
when
100%
Yeah,
100%
yeah,
100%
you
100%
You
100%
behind
94%
Believe
94%
Can't
94%
can't
94%
could
94%
couldn't
94%
crying,
94%
dying
94%
found
94%
gonna
94%
I'm
94%
leave
94%
made
94%
mind
94%
remember
94%
stop
94%
the
94%
The
94%
thought
94%
tried
94%
was
94%
work
94%
work,
94%
alright
88%
have
88%
it's
88%
never
88%
same
88%
so
88%
sure
88%
worse
88%
carry
82%
crazy
82%
done
82%
hard
82%
liar
82%
night
82%
shit
82%
stayed
82%
such
82%
through
82%
trust
82%
up
82%
way
82%
would
82%
change
76%
is
76%
Oh,
76%
saved
76%
weight
76%
brain
71%
hate
71%
long
71%
nights
71%
that
71%
will
71%
wired
71%
held
65%
I'll
59%
fix
53%
hurt
53%
dirt,
47%
disturbed,
35%
just
29%
curve
24%
No matching quizzes found
Score Distribution
Percent of People with Each Score
Percentile by Number Answered
Your Score History
You have not taken this quiz